Подробности
| 000 -МАРКЕР |
| контрольное поле |
02595nam0a2200409 4500 |
| 001 - ИДЕНТИФИКАТОР ЗАПИСИ |
| контрольное поле |
RU\NLR\bibl\1860981 |
| 005 - ИДЕНТИФИКАТОР ВЕРСИИ |
| контрольное поле |
20260407091042.0 |
| 010 ## - МЕЖДУНАРОДНЫЙ СТАНДАРТНЫЙ НОМЕР КНИГИ (ISBN) |
| Номер (ISBN) |
978-5-87555-718-7 |
| Тираж |
100 |
| 021 ## - НОМЕР ГОСУДАРСТВЕННОЙ РЕГИСТРАЦИИ |
| Код страны |
Российская Федерация |
| Номер |
2011-106412 |
| Номер Листа государственной регистраци |
7612 |
| 035 ## - ДРУГИЕ СИСТЕМНЫЕ НОМЕРА |
| Идентификатор записи |
(nilc)LIBNET\0000182533 |
| 035 ## - ДРУГИЕ СИСТЕМНЫЕ НОМЕРА |
| Идентификатор записи |
(NLR Aleph) 001850880 |
| 100 ## - ДАННЫЕ ОБЩЕЙ ОБРАБОТКИ |
| Данные общей обработки |
20111122d2011 |||y0rusy50 ca |
| 101 0# - ЯЗЫК РЕСУРСА |
| Язык текста, звукозаписи и т.д. |
русский |
| 102 ## - СТРАНА ПУБЛИКАЦИИ ИЛИ ПРОИЗВОДСТВА |
| Страна публикации |
Российская Федерация |
| 105 ## - ПОЛЕ КОДИРОВАННЫХ ДАННЫХ: ТЕКСТОВЫЕ МАТЕРИАЛЫ, МОНОГРАФИЧЕСКИЕ |
| Кодированные данные о монографическом текстовом документе |
a ||||||||| |
| 200 1# - ЗАГЛАВИЕ И СВЕДЕНИЯ ОБ ОТВЕТСТВЕННОСТИ |
| Основное заглавие |
Теоретические методы локализации в пространстве-времени неоткрытых небесных тел |
| Сведения, относящиеся к заглавию |
коллективная монография |
| -- |
(посвящается 100-летию со дня рождения В. В. Радзиевского) |
| Первые сведения об ответственности |
[Н. И. Перов, А.Э. Байдин, Д.В. Колесников и др. |
| Последующие сведения об ответственности |
под науч. ред. и с предисл. Н. И. Перова] |
| -- |
М-во образования и науки Рос. Федерации, Федер. гос. бюджет. образоват. учреждение высш. проф. образования "Яросл. гос. пед. ун-т им. К. Д. Ушинского" |
| 210 ## - ПУБЛИКАЦИЯ, РАСПРОСТРАНЕНИЕ И ДР. |
| Место издания, распространения и т.д. |
Ярославль |
| Имя издателя, распространителя и т. д. |
Изд-во ЯГПУ им. К. Д. Ушинского |
| Дата издания, распространения и т.д. |
2011 |
| 215 ## - ФИЗИЧЕСКАЯ ХАРАКТЕРИСТИКА |
| Специфическое обозначение материала и объем |
203 с. |
| Другие сведения о физической характеристике |
ил. |
| Размеры |
21 |
| 300 ## - ОБЩИЕ ПРИМЕЧАНИЯ |
| Текст примечания |
Авт. указаны на обороте тит. л. |
| 320 ## - ПРИМЕЧАНИЯ О НАЛИЧИИ В ДОКУМЕНТЕ БИБЛИОГРАФИИ / УКАЗАТЕЛЯ |
| Текст примечания |
Библиогр.: с. 187-199 |
| 600 #1 - ИМЯ ЛИЦА КАК ПРЕДМЕТ |
| Начальный элемент ввода |
Радзиевский |
| Часть имени, кроме начального элемента ввода |
В.В. |
| Даты |
1911 - 2003 |
| Расширение инициалов личного имени |
Владимир Вячеславович |
| Системный номер авторитетной/нормативной записи |
2152375 |
| Идентификатор авторитетной/нормативной записи |
RU\NLR\auth\661600817 |
| 606 1# - НАИМЕНОВАНИЕ ТЕМЫ КАК ПРЕДМЕТ |
| Наименование темы |
Небесные тела |
| Тематический подзаголовок |
Координаты |
| -- |
Астрометрическое определение |
| Системный номер авторитетной/нормативной записи |
1179029 |
| Идентификатор авторитетной/нормативной записи |
RU\NLR\auth\66156544 |
| 686 ## - ИНДЕКСЫ ДРУГИХ КЛАССИФИКАЦИЙ |
| Индекс |
22.6в63 |
| Издание |
LBC/RL |
| Код системы |
|
| 686 ## - ИНДЕКСЫ ДРУГИХ КЛАССИФИКАЦИЙ |
| Индекс |
В6д(2)Радзиевский |
| 701 #1 - ИМЯ ЛИЦА - АЛЬТЕРНАТИВНАЯ ОТВЕТСТВЕННОСТЬ |
| Код отношения |
Автор |
| Материалы, к которым относится поле |
rus |
| Графика поля |
Кириллица |
| Начальный элемент ввода |
Перов |
| Часть имени, кроме начального элемента ввода |
Н. И. |
| Расширение инициалов личного имени |
Николай Иванович |
| Идентификатор авторитетной/нормативной записи |
RU\NLR\auth\777458 |
| Системный номер авторитетной/нормативной записи |
117392 |
| 701 #1 - ИМЯ ЛИЦА - АЛЬТЕРНАТИВНАЯ ОТВЕТСТВЕННОСТЬ |
| Начальный элемент ввода |
Байдин |
| Часть имени, кроме начального элемента ввода |
А. Э. |
| Расширение инициалов личного имени |
Алексей Эдуардович |
| 701 #1 - ИМЯ ЛИЦА - АЛЬТЕРНАТИВНАЯ ОТВЕТСТВЕННОСТЬ |
| Начальный элемент ввода |
Колесников |
| Часть имени, кроме начального элемента ввода |
Д. В. |
| Расширение инициалов личного имени |
Дмитрий Викторович |
| 702 #1 - ИМЯ ЛИЦА - ВТОРИЧНАЯ ОТВЕТСТВЕННОСТЬ |
| Начальный элемент ввода |
Радзиевский |
| Часть имени, кроме начального элемента ввода |
В. В. |
| Даты |
1911-2003 |
| Расширение инициалов личного имени |
Владимир Вячеславович |
| Код отношения |
Прочие |
| 712 02 - НАИМЕНОВАНИЕ ОРГАНИЗАЦИИ - ВТОРИЧНАЯ ОТВЕТСТВЕННОСТЬ |
| Код отношения |
Прочие |
| Начальный элемент ввода |
Ярославский государственный педагогический университет им. К. Д. Ушинского |
| Идентификатор авторитетной/нормативной записи |
RU\NLR\AUTH\8815514 |
| Системный номер авторитетной/нормативной записи |
304213 |
| 801 #0 - ИСТОЧНИК ЗАПИСИ |
| Страна |
Российская Федерация |
| Организация |
Ярославская ОУНБ |
| Дата составления |
20111122 |
| Правила каталогизации |
rcr |
| Источник данных |
rusmarc |
| 801 #1 - ИСТОЧНИК ЗАПИСИ |
| Страна |
Российская Федерация |
| Организация |
Ярославская ОУНБ |
| Дата составления |
20111122 |
| Правила каталогизации |
rcr |
| Источник данных |
rusmarc |
| 801 #2 - ИСТОЧНИК ЗАПИСИ |
| Страна |
Российская Федерация |
| Организация |
NLR |
| Дата составления |
20120127 |
| Правила каталогизации |
rcr |
| 942 ## - ДОПОЛНИТЕЛЬНЫЕ ЭЛЕМЕНТЫ ЗАПИСИ (АБИС) |
| Тип экземпляра АБИС |
Книга |
| 980 ## - КОЛЛЕКЦИЯ |
| Название коллекции |
Национальная библиография |
| 980 ## - КОЛЛЕКЦИЯ |
| Название коллекции |
НБР |